Klicke die Landkreise von Hessen auf einer Karte - Statistiken

Allgemein
  • Dieses Quiz wurde 410 mal gespielt
  • Das Durchschnittsergebnis liegt bei 19 aus 27
Antworten auf der Karte
Die Antworten werden auf der Karte rot bzw. grün angezeigt, abhängig davon wie oft sie richtig erraten wurden.
 
Antwortstatistiken
Antwort % Korrekt
Stadt Kassel
86%
Landkreis Kassel
84%
Darmstadt
78%
Darmstadt-Dieburg
78%
Wiesbaden
77%
Landkreis Offenbach
75%
Frankfurt am Main
74%
Odenwaldkreis
74%
Gießen
73%
Fulda
72%
Marburg-Biedenkopf
72%
Groß-Gerau
70%
Offenbach am Main
70%
Rheingau-Taunus-Kreis
70%
Wetteraukreis
70%
Waldeck-Frankenberg
69%
Lahn-Dill-Kreis
68%
Limburg-Weilburg
66%
Main-Kinzig-Kreis
66%
Vogelsbergkreis
66%
Werra-Meißner-Kreis
66%
Bergstraße
65%
Hanau
65%
Schwalm-Eder-Kreis
65%
Hersfeld-Rotenburg
64%
Hochtaunuskreis
64%
Main-Taunus-Kreis
63%
Keine übereinstimmenden Quizze gefunden
Verteilung der Resultate
Anzahl Personen mit jedem Resultat
Perzentil nach korrekt beantworteten Fragen
Ihre Resultats-Entwicklung
Sie haben dieses Quiz noch nicht gespielt